[Event "22nd PKWN Festival it"]
[Site "Naleczow POL"]
[Date "1986.07.??"]
[Round "10"]
[White "Vyzhmanavin, Alexei"]
[Black "Dybowski, Jerzy"]
[Result "1-0"]
[WhiteElo "2480"]
[BlackElo "2345"]
[EventDate "1986.07.15"]
[PlyCount "97"]

1.d4 f5 2.Nf3 Nf6 3.g3 g6 4.Bg2 Bg7 5.O-O O-O 6.c4 d6 7.Nc3 c6 8.Re1 Ne4 
9.Qc2 Nxc3 10.Qxc3 e5 11.dxe5 dxe5 12.e4 f4 13.b3 Qe7 14.Bb2 c5 15.Rad1 
Nc6 16.Rd5 fxg3 17.hxg3 Be6 18.Qd2 Bxd5 19.exd5 Rad8 20.Qe2 Nb8 21.Nxe5 
Rfe8 22.Bh3 Qd6 23.f4 Re7 24.Qf2 Rde8 25.Re3 b6 26.Qf3 Nd7 27.Bxd7 Qxd7 
28.Nxd7 Rxe3 29.Qg4 Bxb2 30.Ne5 Bxe5 31.fxe5 R3xe5 32.Kf2 Rf5+ 33.Kg2 Kg7 
34.Qd1 Re4 35.Qd3 Rfe5 36.d6 Re3 37.Qd1 Re1 38.Qd3 R1e3 39.Qd1 Re1 40.Qd3 
R1e2+ 41.Kh3 R2e3 42.Qd2 Re2 43.Qd3 Kf7 44.Qf3+ Ke6 45.Qc6 Rd2 46.Qe8+ Kf6
47.Qf8+ Ke6 48.Qe7+ Kf5 49.Qf7+ 1-0

[Event "22nd PKWN Festival it"]
[Site "Naleczow POL"]
[Date "1986.07.??"]
[Round "11"]
[White "Dybowski, Jerzy"]
[Black "Sygulski, Artur"]
[Result "1/2-1/2"]
[WhiteElo "2345"]
[BlackElo "2425"]
[EventDate "1986.07.15"]
[PlyCount "24"]

1.d4 Nf6 2.c4 g6 3.Nc3 d5 4.Nf3 Bg7 5.Qb3 dxc4 6.Qxc4 O-O 7.e4 c6 8.Be2 b6
9.Qb3 Ba6 10.Bxa6 Nxa6 11.Qa4 Qc8 12.O-O Qb7 1/2-1/2

[Event "22nd PKWN Festival it"]
[Site "Naleczow POL"]
[Date "1986.07.??"]
[Round "11"]
[White "Horvath, Jozsef"]
[Black "Gazik, Igor"]
[Result "1-0"]
[WhiteElo "2440"]
[BlackElo "2420"]
[EventDate "1986.07.15"]
[PlyCount "72"]

1.e4 g6 2.d4 Bg7 3.Nc3 c5 4.d5 d6 5.Nf3 Nf6 6.Be2 O-O 7.O-O Na6 8.Bf4 Nc7 
9.a4 Bg4 10.Nd2 Bxe2 11.Qxe2 e5 12.Bg5 h6 13.Bh4 Qd7 14.Rab1 Nh5 15.Nc4 
Nf4 16.Qd2 f5 17.f3 Rf7 18.Bf2 h5 19.Kh1 Qd8 20.Be3 g5 21.g3 fxe4 22.Nxe4 
Nfxd5 23.Bxg5 Qf8 24.Ncxd6 Rd7 25.Rbd1 b6 26.Nc4 Ne6 27.Qg2 Nxg5 28.Nxg5 
Qf5 29.b4 Rad8 30.Ne4 Kh8 31.Rd3 a6 32.Rfd1 b5 33.Ncd6 Rxd6 34.Nxd6 Rxd6 
35.Rxd5 Rxd5 36.Rxd5 bxa4 1-0

[Event "22nd PKWN Festival it"]
[Site "Naleczow POL"]
[Date "1986.07.??"]
[Round "11"]
[White "Nowak, Ignacy"]
[Black "Redzepagic, Rolando"]
[Result "0-1"]
[WhiteElo "2415"]
[BlackElo "2360"]
[EventDate "1986.07.15"]
[PlyCount "71"]

1.c4 Nf6 2.Nc3 c6 3.e4 d5 4.exd5 cxd5 5.cxd5 Nxd5 6.d4 e6 7.Nf3 Be7 8.Bd3 
Nc6 9.O-O O-O 10.Re1 Ncb4 11.Bb1 Nf6 12.Ne5 Bd7 13.a3 Nbd5 14.Nxd5 Nxd5 
15.Be4 Bf6 16.Qd3 g6 17.Bh6 Re8 18.Qg3 Bc6 19.Rad1 Rc8 20.Rd3 Ne7 21.Qf4 
Nf5 22.Bxf5 exf5 23.Rg3 Be4 24.Qe3 Rc2 25.f3 Bc6 26.Kh1 Rxb2 27.Qc3 Rb5 
28.Rh3 Rd5 29.Rg1 Rxd4 30.Nxc6 bxc6 31.Qxc6 Rd6 32.Qc2 Rde6 33.f4 Qb6 34.
Rf3 Qxg1+ 35.Kxg1 Bd4+ 36.Rf2 0-1

[Event "22nd PKWN Festival it"]
[Site "Naleczow POL"]
[Date "1986.07.??"]
[Round "11"]
[White "Popchev, Milko"]
[Black "Vyzhmanavin, Alexei"]
[Result "1/2-1/2"]
[WhiteElo "2380"]
[BlackElo "2480"]
[EventDate "1986.07.15"]
[PlyCount "46"]

1.e4 c5 2.Nc3 Nc6 3.f4 g6 4.Nf3 Bg7 5.Bb5 Nd4 6.Nxd4 cxd4 7.Ne2 Nf6 8.Bd3 
d6 9.O-O O-O 10.c3 dxc3 11.dxc3 e5 12.Kh1 Re8 13.Ng3 Ng4 14.Qf3 Qh4 15.h3 
exf4 16.Bxf4 Kh8 17.Bxd6 Be5 18.Qxf7 Be6 19.Bxe5+ Nxe5 20.Qf2 Bxh3 21.gxh3
Qxh3+ 22.Kg1 Nxd3 23.Qf6+ Kg8 1/2-1/2

[Event "22nd PKWN Festival it"]
[Site "Naleczow POL"]
[Date "1986.07.??"]
[Round "11"]
[White "Przewoznik, Jan"]
[Black "Kuligowski, Adam"]
[Result "0-1"]
[WhiteElo "2415"]
[BlackElo "2385"]
[EventDate "1986.07.15"]
[PlyCount "90"]

1.e4 c5 2.Nf3 d6 3.d4 cxd4 4.Nxd4 Nf6 5.Nc3 a6 6.Be2 e5 7.Nb3 Be7 8.O-O 
O-O 9.a4 Nc6 10.a5 Be6 11.Be3 Bxb3 12.Bb6 Bxc2 13.Qxc2 Qd7 14.Rfd1 Bd8 15.
Bc5 Bc7 16.b4 Qc8 17.b5 axb5 18.Be3 Rxa5 19.Rac1 b4 20.Nd5 Nxd5 21.exd5 b3
22.Qc3 b2 23.Rc2 Ra1 24.Qxb2 Rxd1+ 25.Bxd1 Nd4 26.Bxd4 exd4 27.Qc1 Qe8 28.
Bf3 Ba5 29.Re2 Qc8 30.Qg5 Bc3 31.Be4 b5 32.h4 b4 33.Bf5 Qd8 34.Qg3 Qf6 35.
Bc2 g6 36.Re4 Kg7 37.h5 Ra8 38.Qg4 Ra1+ 39.Kh2 Qxf2 40.hxg6 hxg6 41.Re7 
Qg1+ 42.Kh3 Qh1+ 43.Kg3 Be1+ 44.Kf3 Qf1+ 45.Ke4 Bc3 0-1

[Event "22nd PKWN Festival it"]
[Site "Naleczow POL"]
[Date "1986.07.??"]
[Round "11"]
[White "Szymczak, Zbigniew"]
[Black "Vukovic, Zdravko"]
[Result "1/2-1/2"]
[WhiteElo "2400"]
[BlackElo "2365"]
[EventDate "1986.07.15"]
[PlyCount "32"]

1.d4 d5 2.c4 e6 3.Nc3 Be7 4.Nf3 Nf6 5.Bf4 c5 6.dxc5 Na6 7.e3 Nxc5 8.cxd5 
exd5 9.Bb5+ Bd7 10.Bxd7+ Qxd7 11.O-O O-O 12.Qe2 Rfd8 13.Rfd1 Rac8 14.Rac1 
a6 15.h3 h6 16.Rc2 Na4 1/2-1/2